Využitie business intelligence pri rozhodovacích procesoch
Informácia o zámeroch a cieľoch dizertačnej práce, obhajoba ktorej sa konala 27. augusta 2008.
Gespeichert in:
| 1. Verfasser: | |
|---|---|
| Format: | Buchkapitel |
| Sprache: | Slowakisch |
| Schlagworte: | |
| Tags: |
Keine Tags, Fügen Sie das erste Tag hinzu!
|
MARC
| LEADER | 00000naa$a2200000$$$4500 | ||
|---|---|---|---|
| 001 | 0097890 | ||
| 005 | 20231102124657.2 | ||
| 041 | 0 | |a slo | |
| 044 | |a SK | ||
| 245 | 1 | 0 | |a Využitie business intelligence pri rozhodovacích procesoch |c Martin Vlasko |
| 520 | |a Informácia o zámeroch a cieľoch dizertačnej práce, obhajoba ktorej sa konala 27. augusta 2008. | ||
| 610 | 2 | 0 | |a práce kvalifikačné |
| 610 | 2 | 0 | |a procesy rozhodovacie |
| 610 | 2 | 0 | |a systémy informačné |
| 610 | 2 | 0 | |a systémy informačné podnikové |
| 100 | 1 | |a Vlasko, Martin | |